Electricidad y magnetismo

Պահպանված է:
Մատենագիտական մանրամասներ
Հիմնական հեղինակ: Jennings, Terry (Հեղինակ)
Ձևաչափ: Գիրք
Լեզու:իսպաներեն
Հրապարակվել է: Madrid Ediciones SM 1985
Շարք:<El >Joven Investigador, 3
Խորագրեր:
Ցուցիչներ: Ավելացրեք ցուցիչ
Չկան պիտակներ, Եղեք առաջինը, ով նշում է այս գրառումը!

MARC

LEADER 00000nam a2200000 a 4500
001 UCH4085
003 CL-VaPUC
008 090818e19850000SP |||||||||||||||||spa|d
020 |a 8434817411 
082 0 4 |a 530  |b JEN  |2 21 
100 |a Jennings, Terry  |e author  |9 543686 
245 1 0 |a Electricidad y magnetismo 
300 |a 32 p 
942 |c BK 
945 |d 20090818 00:00:00  |a ccalabra 
260 |a Madrid  |b Ediciones SM  |c 1985 
650 0 |a Educación  |9 258661 
650 0 |a Física   |9 227844 
650 0 |a Electromagnetismo   |9 260123 
650 0 |a Circuitos eléctricos   |9 260262 
650 0 |a Tecnología  |9 256742 
650 0 |a Ciencia  |9 255691 
583 |a last modification  |c 20090818 00:00:00  |k Rodrigo Vera 
490 0 |a <El >Joven Investigador, 3 
999 |c 335434  |d 335432